Director MX /

Contenido: Instalación de Director MX; Principios básicos: la primera película; Cast: el reparto; Score, sprites: los actores a escena; Animación; Especialistas y efectos especiales: color, texto, sonidos y video; Behaviors y películas interactivas; 3D en Director MX; El estreno: distribución de pel...

ver descrição completa

Na minha lista:
Detalhes bibliográficos
Autor principal: Pescador Albiach, Darío (autor)
Formato: Livro
Idioma:espanhol
Publicado em: Madrid, España : Anaya, 2003, c2003
Colecção:(Guía Práctica para Usuarios)
Assuntos:
Tags: Adicionar Tag
Sem tags, seja o primeiro a adicionar uma tag!

MARC

LEADER 00000nam^a2200000^a^4500
001 000173703
005 20250521000000.0
009 20260310101505.272
020 |a 84-415-1563-8 
037 |a Acervo ITESO - Biblioteca 
041 |a ESP 
082 |a 006. 68  |b PES 
100 |a Pescador Albiach, Darío  |e (autor) 
245 1 0 |a Director MX /  |c D. Pescador Albiach. 
264 4 |a Madrid, España :  |b Anaya,  |c 2003, c2003 
300 |a 320 p. 
336 |a texto  |b txt  |2 rdacontenido 
337 |a sin mediación  |b n  |2 rdamedio 
338 |a volumen  |b nc  |2 rdasoporte 
440 1 |a (Guía Práctica para Usuarios) 
520 |a Contenido: Instalación de Director MX; Principios básicos: la primera película; Cast: el reparto; Score, sprites: los actores a escena; Animación; Especialistas y efectos especiales: color, texto, sonidos y video; Behaviors y películas interactivas; 3D en Director MX; El estreno: distribución de películas; Lingo básico; Elementos de programación; Películas bajo control; Apéndice: Atajos. 
649 |a XX 
650 |a Tercera Dimensión 
650 |a Efectos Especiales 
650 |a Animación por Computadora 
650 |a Gráficas por Computadora 
650 |a Multimedia 
650 |a Cine de Animación por Computadora 
650 |a Cine de Animación 
650 |a Paquetes (Software) 
650 |a Lenguajes de Programación 
650 |a Programación Orientada a Objetos 
650 |a Programación (Software) 
650 |a Diseño Gráfico 
650 |a Comunicación Visual 
650 |a Ingeniería Computacional 
910 |a Fondo General 
920 |a Impresos - Libros 
930 |a Colección General 
905 |a 101 
901 |a 0500111526  |b IT1  |c ACC  |u 20250521 
902 |a https://opac.biblio.iteso.mx/vufind/Record/000173703